000 00278nam a22001217a 4500
020 _a9789694171715
082 _a302.23095
100 _aZafar Iqbal
245 _aMass media,the politics and the politicians
260 _aIslamabad
_bHEC
_c2011
300 _a234p
942 _cBK
999 _c2784
_d2784